000 00259 a2200121 4500
245 _aBeyond the crises
_hText
020 _a9780797467613
100 _aTendai Murisa
100 _aTendai Chikwete
650 _aDevelopment
005 20191017173651.0
260 _c2015
084 _aNONE
999 _c10569
_d10569